Statistics for Billboard artists #1: 2022 Top artists

Click here to take the quiz!

General Stats

  • This quiz has been taken 18 times
  • The average score is 8 of 20

Answer Stats

HintAnswer% Correct
2Taylor Swift
78%
4Drake
72%
9The Weeknd
72%
3Harry Styles
61%
12Justin Bieber
61%
1Bad Bunny
56%
7Ed Sheeran
56%
6Doja Cat
50%
8Adele
44%
13Post Malone
44%
15Kendrick Lamar
28%
5Morgan Wallen
28%
11Future
22%
18Glass Animals
22%
14Jack Harlow
22%
16Luke Combs
22%
17Juice WRLD
17%
20Lil Nas X
17%
10Lil Baby
11%
19Lil Durk
11%

Score Distribution

Percentile by Number Answered

Percent of People with Each Score

Your Score History

You have not taken this quiz